[Event "Moscow op-D (Seniors)"]
[Site "Moscow"]
[Date "2009.02.07"]
[Round "9.41"]
[White "Samatov, Anatolij"]
[Black "Smolsky, Yury"]
[Result "1-0"]
[WhiteElo "2003"]
[BlackElo "1926"]
[PlyCount "171"]
[EventDate "2009.01.30"]
[EventType "swiss"]
[EventRounds "9"]
[EventCountry "RUS"]
[SourceTitle "EXT 2023"]
[Source "ChessBase"]
[SourceDate "2022.10.05"]
[SourceVersion "1"]
[SourceVersionDate "2022.10.05"]
[SourceQuality "1"]

1. Nf3 Nf6 2. c4 g6 3. Nc3 c5 4. d4 cxd4 5. Nxd4 Nc6 6. e4 Bg7 7. Be2 0-0 8. Be3 d6 9. 0-0 a6 10. h3 Bd7 11. Qd2 Qa5 12. Nb3 Qc7 13. Rac1 Rfc8 14. f4 e6 15. Bf3 Bh6 16. Na4 Re8 17. Rfd1 e5 18. Qxd6 Qxd6 19. Rxd6 exf4 20. Bf2 Ne5 21. Nb6 Be6 22. Nxa8 Rxa8 23. Rcd1 Nfd7 24. c5 Bf8 25. R6d2 Bxb3 26. axb3 Nxc5 27. b4 Ne6 28. Rd5 Nxf3+ 29. gxf3 Bxb4 30. Rd7 b5 31. Rb7 Bc5 32. Bxc5 Nxc5 33. Rc7 Ne6 34. Rc6 a5 35. Rb6 b4 36. Rd7 Rc8 37. Rd2 Rc5 38. Rbd6 b3 39. R6d5 a4 40. Rxc5 Nxc5 41. Rd5 a3 42. bxa3 b2 43. Rd8+ Kg7 44. Rb8 Na4 45. e5 g5 46. Kf1 h5 47. Ke1 Kg6 48. Kd2 Kf5 49. Kc2 g4 50. hxg4+ hxg4 51. fxg4+ Kxg4 52. Rb4 Nc5 53. Rc4 Nd3 54. Rd4 Nxe5 55. Kxb2 Kf5 56. Kc3 f3 57. Kd2 Ke6 58. Ke3 f5 59. a4 Nc6 60. Rd1 Ne5 61. Kf2 Nc4 62. Kxf3 Ke5 63. Rd8 Ke6 64. Kf4 Ke7 65. Rd4 Na5 66. Kxf5 Nb7 67. Rb4 Na5 68. Rb5 Nc6 69. Ke4 Kd7 70. Kd5 Ne7+ 71. Kc5 Kc7 72. Rb1 Nc8 73. Rh1 Kb7 74. a5 Na7 75. Rh6 Nc8 76. a6+ Ka7 77. Kb5 Ka8 78. Rh8 Ka7 79. Kc6 Nb6 80. Kb5 Nc8 81. Rd8 Nb6 82. Re8 Nc8 83. Re6 Ka8 84. Kc6 Na7+ 85. Kc7 Nb5+ 86. Kb6 1-0

[Event "Moscow op-B 04th"]
[Site "Moscow"]
[Date "2008.02.09"]
[Round "8"]
[White "Samatov, Anatolij"]
[Black "Ivanov, Nikolay F"]
[Result "1/2-1/2"]
[WhiteElo "2129"]
[BlackElo "2039"]
[PlyCount "49"]
[EventDate "2008.02.02"]
[EventType "swiss"]
[EventRounds "9"]
[EventCountry "RUS"]
[SourceTitle "CBM 122 Extra"]
[Source "ChessBase"]
[SourceDate "2008.03.04"]
[SourceVersion "1"]
[SourceVersionDate "2008.03.04"]
[SourceQuality "1"]

1. Nf3 c5 2. c4 Nc6 3. g3 g6 4. Bg2 Bg7 5. Nc3 d6 6. 0-0 Nf6 7. e3 0-0 8. h3 Be6 9. d3 a6 10. Re1 Rb8 11. a4 Nb4 12. Qe2 Qc8 13. Kh2 d5 14. Ng5 dxc4 15. dxc4 Rd8 16. Rd1 Rxd1 17. Nxd1 Bd7 18. Nc3 Bc6 19. e4 h6 20. Nf3 Qe8 21. e5 Nh7 22. e6 Nf6 23. Be3 Rc8 24. a5 Qd8 25. Bf1 1/2-1/2

[Event "Korolev-ch"]
[Site "Korolev"]
[Date "2000.??.??"]
[Round "7"]
[White "Samatov, Anatolij"]
[Black "Lukjanenko, Evgeny"]
[Result "0-1"]
[WhiteElo "2255"]
[BlackElo "2235"]
[PlyCount "121"]
[EventDate "2000.??.??"]
[EventType "swiss"]
[EventRounds "9"]
[EventCountry "RUS"]
[SourceTitle "EXT 2006"]
[Source "ChessBase"]
[SourceDate "2005.11.24"]
[SourceVersion "1"]
[SourceVersionDate "2005.11.24"]
[SourceQuality "1"]

1. Nf3 Nf6 2. c4 c6 3. d4 d5 4. cxd5 cxd5 5. Nc3 Nc6 6. Bf4 Nh5 7. Bg5 h6 8. Bh4 g5 9. Bg3 Nxg3 10. hxg3 Bg7 11. e3 e6 12. a3 0-0 13. Bd3 f5 14. Rc1 Bd7 15. b4 a5 16. b5 Na7 17. Qb3 Nc8 18. Na4 b6 19. Ne5 Bxe5 20. dxe5 Kg7 21. g4 Ne7 22. gxf5 Nxf5 23. Qd1 Be8 24. Qc2 Ra7 25. Qc8 Qe7 26. Qc3 Rb7 27. 0-0 Qf7 28. Nb2 Nh4 29. f4 Qh5 30. Rf2 Rbf7 31. Be2 Qg6 32. g3 gxf4 33. exf4 Rxf4 34. Rcf1 Rxf2 35. Rxf2 Rxf2 36. Kxf2 Qf5+ 37. Kg1 Ng6 38. Na4 Qe4 39. Bd3 Qxa4 40. Bxg6 Kxg6 41. Qc8 Bf7 42. Qc6 Qd4+ 43. Kh2 Kg7 44. Qc7 Qf2+ 45. Kh3 Qe3 46. a4 Qf2 47. Qd8 Bg6 48. Qc7+ Qf7 49. Qxb6 Be4 50. Kh4 Bg2 51. g4 Be4 52. Qe3 Kg6 53. b6 Qb7 54. Qf2 Qe7+ 55. Kg3 d4 56. Qxd4 Bb7 57. Qd3+ Kg7 58. Qc3 Qf7 59. Qd3 Qe7 60. Qc3 Qd7 61. Qa3 0-1

[Event "Korolev-ch"]
[Site "Korolev"]
[Date "2000.??.??"]
[Round "5"]
[White "Samatov, Anatolij"]
[Black "Salishchev, Yury Kirillovich"]
[Result "0-1"]
[WhiteElo "2255"]
[BlackElo "2254"]
[PlyCount "88"]
[EventDate "2000.??.??"]
[EventType "swiss"]
[EventRounds "9"]
[EventCountry "RUS"]
[SourceTitle "EXT 2006"]
[Source "ChessBase"]
[SourceDate "2005.11.24"]
[SourceVersion "1"]
[SourceVersionDate "2005.11.24"]
[SourceQuality "1"]

1. d4 Nf6 2. c4 g6 3. Nf3 Bg7 4. Qb3 0-0 5. Nc3 d6 6. e4 c5 7. d5 a6 8. Be2 Nbd7 9. 0-0 Nh5 10. Qc2 Rb8 11. a4 h6 12. Be3 Kh7 13. Ne1 Nhf6 14. f4 Re8 15. Rd1 Qc7 16. Nd3 e6 17. dxe6 Rxe6 18. Bf3 Re8 19. Bf2 Nb6 20. b3 Ng4 21. Bxg4 Bxg4 22. Rde1 Qd8 23. h3 Bd7 24. e5 Bf5 25. a5 dxe5 26. Ne4 exf4 27. Ndxc5 Nd7 28. Rd1 Qc7 29. Rxd7 Bxd7 30. Qd2 Bc6 31. Qc2 Rbd8 32. Bh4 Rd4 33. Nf6+ Bxf6 34. Bxf6 Rd6 35. Bc3 Bxg2 36. Nxa6 Rxa6 37. Qxg2 Rae6 38. Qd5 Re3 39. Qd4 Rg3+ 40. Kf2 Rg8 41. h4 Qc6 42. Ke1 Re3+ 43. Kd1 Qe4 44. Rxf4 Rd3+ 0-1

[Event "Korolev-ch"]
[Site "Korolev"]
[Date "1999.??.??"]
[Round "9"]
[White "Samatov, Anatolij"]
[Black "Baranov, Ilja"]
[Result "1-0"]
[WhiteElo "2255"]
[BlackElo "2270"]
[PlyCount "101"]
[EventDate "1999.??.??"]
[EventType "swiss"]
[EventRounds "9"]
[EventCountry "RUS"]
[SourceTitle "EXT 2006"]
[Source "ChessBase"]
[SourceDate "2005.11.24"]
[SourceVersion "1"]
[SourceVersionDate "2005.11.24"]
[SourceQuality "1"]

1. d4 Nf6 2. c4 g6 3. Nc3 d5 4. Nf3 Bg7 5. cxd5 Nxd5 6. h3 c5 7. e4 Nxc3 8. bxc3 Nc6 9. Bb5 cxd4 10. Bxc6+ bxc6 11. cxd4 Ba6 12. Be3 0-0 13. Rc1 Qb6 14. Qb3 Qxb3 15. axb3 Rfc8 16. Kd2 Rab8 17. Rc3 c5 18. Rxc5 Rxc5 19. dxc5 Rxb3 20. e5 f6 21. Ra1 Bb7 22. Nd4 Rb2+ 23. Kc3 fxe5 24. Kxb2 exd4 25. Bd2 a6 26. f3 Kf7 27. Kb3 Ke6 28. Kc4 Kd7 29. Bg5 h6 30. Bh4 g5 31. Bf2 e5 32. h4 g4 33. fxg4 Bxg2 34. g5 hxg5 35. Rg1 Bf3 36. Rxg5 Bf6 37. Rf5 Be2+ 38. Kd5 Ke7 39. Be1 Bg4 40. Rf1 Be6+ 41. Ke4 Bd7 42. Kd5 Be6+ 43. Kc6 e4 44. h5 e3 45. h6 Be5 46. Bh4+ Ke8 47. Bg5 a5 48. h7 Bh8 49. Kd6 Bh3 50. Rf4 a4 51. Bh6 1-0

[Event "Korolev-ch"]
[Site "Korolev"]
[Date "1999.??.??"]
[Round "4"]
[White "Samatov, Anatolij"]
[Black "Samarin, Vitaly"]
[Result "1/2-1/2"]
[WhiteElo "2255"]
[BlackElo "2182"]
[PlyCount "131"]
[EventDate "1999.??.??"]
[EventType "swiss"]
[EventRounds "9"]
[EventCountry "RUS"]
[SourceTitle "EXT 2006"]
[Source "ChessBase"]
[SourceDate "2005.11.24"]
[SourceVersion "1"]
[SourceVersionDate "2005.11.24"]
[SourceQuality "1"]

1. d4 d5 2. Nf3 e6 3. c4 Be7 4. Nc3 Nf6 5. cxd5 exd5 6. Bf4 0-0 7. e3 c6 8. Bd3 Bg4 9. h3 Bh5 10. Be2 Nbd7 11. 0-0 Re8 12. Qc2 Nf8 13. Ne5 Bg6 14. Bd3 Bd6 15. Bxg6 Nxg6 16. Nxg6 hxg6 17. Bg5 Qc7 18. Bxf6 gxf6 19. Rac1 a6 20. Nxd5 Qd8 21. Nc3 Rc8 22. Rfd1 Qe7 23. Na4 Bb8 24. Qe2 Kg7 25. Nc5 Qc7 26. Qf3 Qh2+ 27. Kf1 Re7 28. Ne4 f5 29. Nc3 Rce8 30. Ke2 Qd6 31. g3 Qb4 32. b3 Ba7 33. Kf1 Qd6 34. Kg2 Bb8 35. d5 c5 36. Na4 Ba7 37. Qf4 Re5 38. Nb2 b5 39. a4 Bb8 40. Qf3 Rd8 41. axb5 axb5 42. e4 fxe4 43. Qc3 Qf6 44. Qxc5 Qf3+ 45. Kg1 e3 46. Nd3 Rexd5 47. Qc3+ Be5 48. Qc2 Rxd3 49. Rxd3 Rxd3 50. Rf1 exf2+ 51. Qxf2 Bd4 52. Qxd4+ Rxd4 53. Rxf3 f5 54. Kf2 Kf6 55. Ke2 g5 56. Rc3 Rd5 57. Ke3 Ke5 58. h4 f4+ 59. gxf4+ gxf4+ 60. Kf3 b4 61. Rc4 Rd3+ 62. Kf2 Rxb3 63. h5 Rh3 64. Rxb4 Kf6 65. Rb5 Kg7 66. Kg2 1/2-1/2